| 000 | 00000nam##2200000za#4500 |
| 001 | 9.572513 |
| 003 | CaOODSP |
| 005 | 20220111083108 |
| 007 | cr ||||||||||| |
| 008 | 150406|1997||||xxc|||||o f|0| 0 eng|d |
| 022 | |a1928-6414 |
| 040 | |aCaOODSP|beng |
| 043 | |an-cn--- |
| 086 | 1 |aNE22-1/1997-12E-PDF |
| 110 | 1 |aCanada. |bNational Energy Board. |
| 245 | 10|aReasons for decision in the matter of Novagas Canada Ltd. : |h[electronic resource]|bapplication dated 12 May 1997 requesting that the Board inquire into the practices of Westcoast Energy Inc., with respect to gas stripping arrangements at Taylor, British Columbia |
| 246 | 1 |iVariant title : |aNovagas Canada Ltd. |
| 260 | |aCalgary - Alberta : |bNational Energy Board |cOctober 1997. |
| 300 | |a16p. |
| 490 | 1 |aReasons for decision|x1928-6414|vMH-2-97 |
| 500 | |aThe catalogue number (NE22-1/1997-12E) and ISBN (0-662-26171-2) for the print edition have been incorrectly copied in this electronic publication. |
| 590 | |a12-09-Supp|b2012-03-21 |
| 775 | 08|tMotifs de décision relativement à Novagas Canada Ltd. : |w(CaOODSP)9.602860 |
| 776 | 0#|tNovagas Canada Limited : |w(CaOODSP)9.614070 |
| 830 | #0|aReasons for decision (Canada. National Energy Board)|x1928-6414|vMH-2-97|w(CaOODSP)9.504480 |
| 856 | 40|ahttp://publications.gc.ca|qPDF|s69 KB|uhttps://publications.gc.ca/collections/Collection/NE22-1-1997-12E.pdf|yMH-2-97 |